Mundo aparte (Record no. 72954)

MARC details
000 -LEADER
campo de control de longitud fija 00656nam a2200181 i 4500
001 - NÚMERO DE CONTROL
campo de control 72954
003 - IDENTIFICADOR DE NÚMERO DE CONTROL
campo de control ES-MaACL
005 - FECHA Y HORA DE LA ÚLTIMA TRANSACCIÓN
campo de control 20231214201620.0
007 - CAMPO FIJO DE DESCRIPCIÓN FÍSICA--INFORMACIÓN GENERAL
campo de control de longitud fija t|
008 - DATOS DE LONGITUD FIJA--INFORMACIÓN GENERAL
campo de control de longitud fija 040903s1960 sp ||||1| spa d
100 1# - ENTRADA PRINCIPAL--NOMBRE DE PERSONA
Nombre de persona Gómez-Santos, Marino,
Fechas asociadas al nombre 1930-2020
9 (RLIN) 58158
245 10 - MENCIÓN DEL TÍTULO
Título Mundo aparte
Resto del título : entrevistas con la Duquesa de Alba, Salvador Dalí, Antonio Rafael "El Gallo", Agustín de Foxá /
Mención de responsabilidad, etc. Marino Gómez-Santos ; prólogo de Eugenio Montes.
260 ## - PUBLICACIÓN, DISTRIBUCIÓN, ETC.
Lugar de publicación, distribución, etc. Madrid :
Nombre del editor, distribuidor, etc. Aguilar,
Fecha de publicación, distribución, etc. 1960.
300 ## - DESCRIPCIÓN FÍSICA
Extensión 283 p. :
Otras características físicas il. ;
Dimensiones 21 cm.
700 1# - ENTRADA AGREGADA--NOMBRE PERSONAL
Nombre de persona Montes, Eugenio,
Fechas asociadas al nombre 1897-1982
9 (RLIN) 227206
852 ## - LOCALIZACIÓN
Ubicación ES-MaACL
Número de control de estantería C-18350
Sublocalización o colección R.46559
Holdings
Estatus retirado Estado de pérdida Estado de daño No para préstamo Biblioteca de origen Biblioteca actual Ubicación en estantería Fecha de adquisición Fuente de adquisición Total de préstamos Signatura topográfica completa Código de barras Visto por última vez Precio de reemplazo Tipo de ítem Koha
        Biblioteca del Ateneo de Madrid Biblioteca del Ateneo de Madrid Galería 17/01/2008     C-18350 1076370 23/02/2023 23/02/2023 Libro impreso